| 000 | 00544nam a22001937a 4500 | ||
|---|---|---|---|
| 005 | 20250707111131.0 | ||
| 010 | _aENG-145714 | ||
| 020 |
_a9789367131183 _c470.00 |
||
| 035 | _aEN-129246 | ||
| 037 | _bDBAD | ||
| 082 |
_a530 _22 |
||
| 245 | _aFoundation Physics/ | ||
| 250 | _a2 | ||
| 260 |
_aNoida _bPearson India Education _c2025 |
||
| 270 |
_a15th Floor, Towe-B, World Trade Tower, Plot No.1, Block-C, Sector-16 _bNoida _e201301 |
||
| 300 |
_avpp. _c28cm(pbk) |
||
| 500 | _aFor Class 10 | ||
| 942 |
_2ddc _cEN _h530 _mFOU |
||
| 999 |
_c212140 _d212140 |
||